| 000 | 00807cab a2200265 4500 | ||
|---|---|---|---|
| 001 | ABS56988 | ||
| 008 | 090401t1997 xxu||||| |||| 00| 0 eng d | ||
| 035 | _a(Sirsi) u98381 | ||
| 041 | _aeng | ||
| 100 | _aCosslett, G. | ||
| 245 | 4 | _aThe direct approach | |
| 260 | _c1997 | ||
| 350 | _a0 | ||
| 490 |
_aThe Waste Manager _v26(5) May 1997, 16-20(5) |
||
| 520 | _aThe Environment Agency`s plans to make Direct Toxicity Assessment a part of discharge monitoring, is causing concern for some waste firms, about the costs involved. | ||
| 650 | _aCOST | ||
| 650 | _aDIRECT TOXICITY ASSESSMENT | ||
| 650 | _aEFFLUENT | ||
| 650 | _aENVIRONMENT AGENCY | ||
| 650 | _aWASTE DISPOSAL | ||
| 650 | _aWASTE INDUSTRY | ||
| 690 | _aENVIRONMENTAL AND LAND CONSULTANCY | ||
| 942 | _n0 | ||
| 948 | _c22/05/1997 | ||
| 999 |
_c59780 _d59780 |
||